Viděno z druhé strany. Čs.-americký obchod.

Dnešné ťažisko čs. obchodných oddelení sa prenieslo predovšetkým do sféry informatiky pre potreby našich i zahraničných firiem. Ďalšie funkcie obchodných oddelení. Rozhovor s pracovníkmi obchodných oddelení v USA o dôsledkoch prerodu týchto oddelení, o záujme Američanov o čs. trh a o možnostiach vst...

Description complète

Enregistré dans:
Détails bibliographiques
Auteur principal: Bautzová, Libuše
Autres auteurs: Urban, J.
Format: Chapitre de livre
Langue:tchèque
Sujets:
Tags: Ajouter un tag
Pas de tags, Soyez le premier à ajouter un tag!

MARC

LEADER 00000naa a2200000 4500
001 r007885
005 20220831084215.0
041 0 |a cze 
044 |a [CS] 
245 1 0 |a Viděno z druhé strany.  |b Čs.-americký obchod.  |c Libuše Bautzová, J. Urban 
520 |a Dnešné ťažisko čs. obchodných oddelení sa prenieslo predovšetkým do sféry informatiky pre potreby našich i zahraničných firiem. Ďalšie funkcie obchodných oddelení. Rozhovor s pracovníkmi obchodných oddelení v USA o dôsledkoch prerodu týchto oddelení, o záujme Američanov o čs. trh a o možnostiach vstupu čs. výrobkov na trh USA. 
610 2 0 |a obchod zahraničný 
610 2 0 |a ČSFR 
610 2 0 |a USA 
610 2 0 |a vzťahy hospodárske vonkajšie 
610 2 0 |a trh zahraničný 
100 1 |a Bautzová, Libuše 
700 1 |a Urban, J.